Statistics for Countries with Two Words

Click here to take the quiz!

General Stats

  • This quiz has been taken 246 times
    (111 since last reset)
  • The average score is 17 of 25

Answer Stats

Country% Correct
South Korea
90%
North Korea
89%
South Africa
88%
South Sudan
86%
United Kingdom
85%
New Zealand
77%
San Marino
73%
North Macedonia
72%
Costa Rica
70%
Dominican Republic
70%
East Timor
69%
Sri Lanka
69%
Saudi Arabia
66%
Solomon Islands
66%
El Salvador
65%
Vatican City
65%
Marshall Islands
64%
Saint Lucia
64%
Guinea Bissau
63%
Burkina Faso
58%
Cape Verde
58%
Equatorial Guinea
58%
Ivory Coast
58%
Sierra Leone
53%
Czech Republic
41%

Score Distribution

Percentile by Number Answered

Percent of People with Each Score

Your Score History

You have not taken this quiz since the last reset